00285nam a2200121Ia 4500008004100000041000800041082001700049100001600066245002700082260002300109365001500132700001600147230718s9999 xx 000 0 und d aeng a641.302bBAN aBansal S.P. aHealing Power Of Foods c2003bPustak Mahal cRs.b60.00 aBansal S.P.